Mis-Matched Literature Quiz Stats

 Plays Quiz Updated Nov 8, 2019

Score 0/25 Timer 03:00
6 Plays Today
% Correct
The Da Vinci in the Rye
94.9%
Crime and Peace
94%
Alice's Adventures in the Earth
93.7%
All Quiet on the Thrones
93.2%
The Great Quixote
93%
The Hitchhiker's Travels
92.3%
Of Mice and A Mockingbird
92.3%
The Count of Monte Copperfield
92.1%
The Canterbury Farm
92%
Oliver Eyre
91.9%
Pride and Sensibility
91.5%
The Hound of Wrath
91.4%
Around the Night's Dream
91.3%
% Correct
The Diary of Mr Hyde
91.2%
The Handmaid's Heights
90.9%
Harry Potter and the Order of the Vampire
89.7%
Robinson Karenina
89.4%
The Picture of Huckleberry Finn
88.7%
Uncle Tom's Island
88.3%
The Old Man and Time
85.6%
Lord of the Tolls
85.5%
Great Worlds
82.3%
Heart of Comedy
80.9%
The Mysterious Flies
78.8%
In Search of the Fury
75.9%

You're not logged in!

Compare scores with friends on all Sporcle quizzes.
OR
Log In

Sporcle TV

Today on Sporcle TV


Watch our educational content, quiz creation guides, and fun videos on Sporcle TV.

Show Comments

Extras

Top Quizzes Today


Score Distribution

Your Account Isn't Verified!

In order to create a playlist on Sporcle, you need to verify the email address you used during registration. Go to your Sporcle Settings to finish the process.

Report this User

Report this user for behavior that violates our Community Guidelines.

Details: